Countries by Passport #2 - Statistics

General Stats
  • This quiz has been taken 40 times
  • The average score is 12 of 24
Answer Stats
Picture Answer % Correct
Spain
95%
Japan
90%
United States
90%
Taiwan
68%
Serbia
65%
Hungary
63%
Mozambique
63%
Kazakhstan
60%
Czech Republic
55%
Cambodia
53%
Peru
53%
Sri Lanka
48%
Bhutan
43%
Denmark
43%
Yemen
43%
Algeria
38%
Brunei
38%
Bahrain
30%
Zimbabwe
30%
Mauritius
23%
Uzbekistan
23%
Botswana
20%
Sudan
15%
Djibouti
13%
No matching quizzes found
Score Distribution
Percent of People with Each Score
Percentile by Number Answered
Your Score History
You have not taken this quiz